[Event "Manizales op 21st"]
[Site "Manizales"]
[Date "2009.01.09"]
[Round "3"]
[White "Onate, Ana Milena"]
[Black "Herrera, Luis Miguel"]
[Result "1-0"]
[WhiteElo "1600"]
[BlackElo "1742"]
[PlyCount "43"]
[EventDate "2009.01.08"]
[EventType "swiss"]
[EventRounds "7"]
[EventCountry "COL"]
[SourceTitle "CBM 128 Extra"]
[Source "ChessBase"]
[SourceDate "2009.03.05"]
[SourceVersion "2"]
[SourceVersionDate "2009.03.25"]
[SourceQuality "1"]

1. d4 Nf6 2. c4 e6 3. a3 d5 4. Bg5 Nbd7 5. Nc3 c6 6. cxd5 exd5 7. Nf3 Be7 8. e3 0-0 9. Bd3 Re8 10. h3 Nf8 11. 0-0 Ne4 12. Bxe7 Qxe7 13. Rc1 Bf5 14. b4 Ng6 15. Bb1 Nh4 16. Nxh4 Qxh4 17. Nxe4 Bxe4 18. Bxe4 Rxe4 19. Qb3 Rae8 20. b5 R8e6 21. bxc6 bxc6 22. Qb7 1-0